| LEADER |
00606nam0a2200181 450 |
| 001 |
16841236 |
| 010 |
|
|
|a 978-2-211-31926-3
|b rel.
|d 14
|
| 100 |
|
|
|a 20230113d2023 u u0frey01 ba
|
| 101 |
1 |
|
|a fre
|c eng
|
| 102 |
|
|
|a BE
|
| 200 |
0 |
|
|a Classe de volcan
|f John Hare
|
| 207 |
|
1 |
|a
|
| 210 |
|
|
|a Paris
|b 11, Rue de Sèvres
|c L'école des loisirs
|d 2023
|
| 215 |
|
|
|a 1 vol. (non paginé [40] p.)
|c tout en ill. en coul.
|d 25 x 26 cm
|
| 700 |
|
0 |
|a Hare
|b John
|f 1976-....
|4 70
|
| 900 |
|
|
|a Album
|
| 901 |
|
|
|a Accessible au prêt
|
| 995 |
|
|
|a Bibliothèque
|c Bibliothèque
|f 024023738
|h 024023738
|k A HAR
|o p
|q j
|r az
|e Bibliothèque
|